000
00262nam a2200109Ia 4500
008
190914s9999||||xx |||||||||||||| ||und||
100
_a
Myron W. Lusting
245
0
_a
Intercultural Competence
260
_a
New York
_b
Addision
_c
2000
300
_a
906
942
_c
BK
999
_c
8663
_d
8663